000 00527nam a2200205Ia 4500
003 OSt
005 20260224121416.0
008 210210b1965 xxu||||| |||| 00| 0 eng d
040 _cAL
041 _aHindi
082 _a861/119
100 _aPANDEYA (V)
_d पाण्डेय
_9256539
245 _aGuru dakshina
_bगुरु दक्षिणा
260 _aIllahAbAd
_b-
_c1965
650 _aGuru
_9256540
650 _adakshiNa
_9256541
690 _aHindi Poetry
_9256542
906 _a023139
942 _2ddc
_cBK
999 _c148048
_d148048